00265nam a22001097a 4500020001500000040000900015082001700024100002700041245002300068260004200091650002200133 a9690014218 cNust a297.122bMHM aKhuwaja Muhammed Aslam aIstilahat e Quran  aLahore:bFerozsons publishers,c1998. aIstilahat e Quran